000 00464cam a2200169 4500
001 4942
005 20181127174447.0
008 080219c200u9999bt ar i0 0eng
010 _a 2007434114
110 2 _aRICB
_b
245 1 0 _aAnnual Report :
_bRoyal Insurance Corporation of Bhutan Limited /
_cRICB.
260 _aThimphu :
_bRICB.
_c2014, 2015.
300 _a104 p. ; 30 cm.
_b
_c
310 _aAnnual
610 2 0 _aRICB
_b
650 0 _aBanks and banking --Bhutan.
_z
999 _c4117
_d4117